| 000 | 00941 a2200193 4500 | ||
|---|---|---|---|
| 003 | Nust | ||
| 005 | 20230103121648.0 | ||
| 020 | _a9812141030 | ||
| 040 | _cNust | ||
| 082 | _a629.89,OHS | ||
| 100 |
_aM Ohsmann _9106713 |
||
| 245 |
_aShort course 8051/8032 micocontrollesrs and assembler / _cM Ohsmann |
||
| 260 |
_aTech Publications _bSingapore _c2002 |
||
| 300 |
_a141 p _billus _c19 cm |
||
| 505 | _aIntroduction (Page-9), 80c32/51 single-board computer and extension card (Page-15), Introduction to programming (Page-43), First MCS-51 instructions (Page 51), Flags,bit addressing,PSW.conditional jumps,logic operators (Page-65), Arithmetic instructions (Page-81), Analogue signal processing and stack management (page -95)8.serial interface programming (Page-113), LCD and keyboard interfacing (Page-125). | ||
| 600 |
_aM Ohsmann _9106713 |
||
| 650 |
_aShort course 8051/8032 micocontrollers and assembler _9106714 |
||
| 942 |
_2ddc _cBK |
||
| 999 |
_c182882 _d182882 |
||